000 00875pam a2200253 a 4500
001 9309
003 BD-RjUL
005 20211208234744.0
008 140120s1962 flua b 001 0 eng d
020 _a0849301653
035 _a(BD-RjUL) 9354
040 _aDLC
_cDLC
_dDLC
_d(BD-RjUL)
_beng
041 _aeng
082 0 0 _a621.38152
_220
_bCOM
245 0 0 _aCompound semiconductors :
_bPreparation of III-V Compounds /
_ceditors, Robert K, Wiollardson and Harvey, L. Goering
_nVolume -1
260 _aNew York :
_bReinold Publishihg Corporation
_cc1962
300 _a553p. :
_bill. ;
_c28 cm.
504 _aIncludes bibliographical references.
650 0 _aCompound semiconductors.
_928882
856 4 2 _3Publisher description
_uhttp://www.loc.gov/catdir/enhancements/fy0744/89017402-d.html
942 _2ddc
_cBK
999 _c9309
_d9309